000 00601nam a2200193Ia 4500
003 OSt
005 20251020182620.0
008 200531s9999 xx 000 0 und d
040 _aCIDAP
_c040
110 _aUrbanismo y Planificación
245 0 _aUn hotel en el desierto: Hotel las Dunas Ica-Perú
310 _aBimestral
520 _aDiseño y ejecución del hotel las Dunas
650 _aARQUITECTURA
650 _aHOTELES
773 _dLima: Instituto de Urbanismo y Planificación del Perú, 1979
_hilus.
_tUrbanismo y Planificación
_gno. 31/32, p. 32-34
910 _aG
942 _cART
_2ddc
999 _c3632
_d3632